| 000 | 00900cam a2200313Ia 4500 | ||
|---|---|---|---|
| 999 |
_c47263 _d47263 |
||
| 001 | 70425829 | ||
| 001 | 70425829 | ||
| 003 | SIRSI | ||
| 005 | 20190719081858.0 | ||
| 008 | 700414s1975 miu 000 0aeng d | ||
| 010 | _a 77102834 | ||
| 035 | _a(Sirsi) o70425829 | ||
| 035 | _a(OCoLC)70425829 | ||
| 036 | _au413390 | ||
| 040 |
_aCN4X3 _beng _cCN4X3 _dOCLCG _dOCLCQ _dTSW |
||
| 043 | _ae-bu--- | ||
| 049 | _aTSWB | ||
| 100 | 1 |
_aPopov, Haralan, _d1907-1988. |
|
| 245 | 1 | 0 |
_aTortured for his faith : _ban epic of Christian courage and heroism in our day / _cby Haralan Popov. |
| 260 |
_aGrand Rapids, Mich. : _bZondervan Pub. House, _c1970. |
||
| 300 |
_a139 p. ; _c18 cm. |
||
| 336 | _atext | ||
| 337 | _aunmediated | ||
| 338 | _avolume | ||
| 600 | 1 | 0 |
_aPopoff, Haralan, _d1907-1988. |
| 650 | 0 |
_aPersecution _zBulgaria. |
|
| 650 | 0 |
_aPrisoners _zBulgaria _vBiography. |
|
| 942 |
_2lcc _cBK |
||